Greatest Pop Stars of 21th century! - Statistics

General Stats
  • This quiz has been taken 102 times
  • The average score is 12 of 25
Answer Stats
Hint Answer % Correct
#2* Taylor Swift
86%
#1* Beyonce
75%
#9 Ariana Grande
73%
#3 Rihanna
69%
#8 Justin Bieber
68%
#25 Katy Perry
63%
#5 Lady Gaga
63%
#18 The Weeknd
59%
#10 Adele
53%
#4 Drake
53%
#7 Kanye West
52%
#20 Bruno Mars
49%
#12 Eminem
43%
#13 Nicki Minaj
43%
#24 Ed Sheeran
42%
#14 Justin Timberlake
40%
#16 Jay-Z
36%
#15 Miley Cyrus
33%
#22 One Direction
30%
#17 Shakira
28%
#19 BTS
27%
#6 Britney Spears
25%
#11 Usher
20%
#21 Lil Wayne
15%
#23 Bad Bunny
14%
No matching quizzes found
Score Distribution
Percent of People with Each Score
Percentile by Number Answered
Your Score History
You have not taken this quiz